Festive, the art and design of promotional mailing

Bibliographic Details
Main Author: Witham, Scott
Format: Book
Published: Switzerland : A roto vision book , 2002
Subjects:

MARC

LEADER 00000cam a2200000 7i4500
001 0000012966
005 20050617.0
020 |a 2880467381 
040 |a INS 
090 0 0 |a TT900C4   |b W772 2002 
100 1 |a Witham, Scott 
245 1 0 |a Festive, the art and design of promotional mailing   |c Scott Witham 
260 |a Switzerland :   |b A roto vision book ,   |c 2002 
300 |a 207p. :   |b 28cm 
650 0 0 |a Christias decorations 
999 |a 0000011432   |b BOOK   |c Open Shelf   |e Default branch